Responses for show #6324 - Thursday, March 1, 2012

Contestants

Andrew Knebel, a classical violist from Norwalk, Connecticut

Susannah Rosenblatt, a writer and communications strategist from Arlington, Virginia

Patrick Morrison, a student of Slavic Studies from Northville, Michigan (whose 2-day cash winnings total $51,101)

Jeopardy! Round responses

CANALS
FOOD TALK
AMERICAN "H"ISTORY
CARPENTRY & CONSTRUCTION
SIMILAR-SOUNDING WORDS
OSCAR-WINNING CO-STARS
    $200 8
Amsterdam

Andrew
    $200 19
hors d'oeuvres

Susannah
    $200 11
Head Start

Susannah
    $200 18
a frame

Susannah
    $200 6
(Alex: That's the word, we are looking for the letter though.)

E (effect accepted)

Susannah
    $200 1
On the Waterfront

Patrick
    $400 9
the Suez Canal

Patrick
    $400 20
angel hair

Susannah
    $400 12
the homeless

Susannah
    $400 23
a dowel

Andrew
    $400 7
conscious

Andrew
    $400 2
Coming Home

Patrick
    $600 10
the Erie Canal

Patrick
    $600 21
surf and turf

Patrick
    $600 13
Houston

Patrick
    $600 24
a scaffolding

Susannah
    $600 26
censure

Andrew
    $600 3
On Golden Pond

Susannah
    $800 16
St. Petersburg

Andrew
    $800 22
the Waldorf

Andrew
    $800 14
the Hessians

Patrick
    $800 29
(Patrick: What is a runway?)

a catwalk

PatrickAndrew
    $800 27
ingenuous

Susannah
    $800 4
It Happened One Night

Patrick
    $1000 17
Superior & Huron

Andrew
    $1000 25
shoepeg corn

Triple Stumper
    $1000 15
Cordell Hull

Andrew
    $1000 30
a mitre saw

Patrick
    $1000 28
allusion & illusion

Triple Stumper
    $1000 5
One Flew Over the Cuckoo's Nest

Susannah

Scores at the first commercial break (after clue 15):

Patrick Susannah Andrew
$3,800 $2,400 $1,600

Scores at the end of the Jeopardy! Round:

Patrick Susannah Andrew
$4,600 $4,600 $6,000

Double Jeopardy! Round responses

IN THE BOOKSTORE
DINOSAURS
CALL THE "I-T" DEPARTMENT
GETTING ANIMATED
HEY, MARTHA
LET'S GET IN THE RV
    $400 1
James Bond

Triple Stumper
    $400 30
a bird

Andrew
    $400 3
itemized

Patrick
    $400 10
The Simpsons

Susannah
    $400 2
Martha Washington

Andrew
    $400 21
Covered Wagon

Triple Stumper
    $1,800 6
Seabiscuit

Susannah
    $800 25
the giraffe

Andrew
    $800 17
iTunes

Susannah
    $800 11
South Park

Patrick
    $800 4
Martha Stewart

Susannah
    $800 22
Grand Canyon

Andrew
    $1200 7
The Deathly Hallows

Patrick
    $1200 23
claw or talon

Patrick
    $1200 18
Ithaca

Andrew
    $1200 12
SpongeBob SquarePants

Patrick
    $1200 5
Martha Plimpton

Triple Stumper
    $1200 29
the cab

Andrew
    $1600 8
heaven

Patrick
    $1,800 24
stegosaurus

Patrick
    $1600 19
itinerary

Patrick
    $1600 13
Family Guy

Patrick
    $1600 15
Martha Graham

Patrick
    $1600 27
California

Andrew
    $2000 9
(Patrick: Who is Kushner?)

Wendy Wasserstein

PatrickSusannah
    $2000 26
a frill

Andrew
    $2000 20
Itzhak

Susannah
    $2000 14
Futurama

Patrick
    $2000 16
Life

Patrick
    $2000 28
Airstream

Susannah

Scores at the end of the Double Jeopardy! Round:

Patrick Susannah Andrew
$19,600 $14,400 $14,400

[wagering suggestions for these scores]

Final Jeopardy! Round responses

SCIENTISTS
(Alex: There was some controversy over the discovery of calculus, and this man was the head of the Academy of Sciences where?)
...
(Alex: [To Patrick] Newton's rival was Leibniz, who was head of the Academy of Sciences... in [*].)
AndrewWhat is Paris?
$6,000
SusannahWhat is Paris?
$4,600
PatrickWhat is Berlin?
$10,000
Berlin

Final scores:

Patrick Susannah Andrew
$29,600 $9,800 $8,400
3-day champion: $80,701 2nd place: $2,000 3rd place: $1,000

Game dynamics:

Coryat scores:

Patrick Susannah Andrew
$19,400 $13,400 $14,400
21 R
(including 1 DD),
2 W
17 R
(including 1 DD),
0 W
17 R
(including 1 DD),
0 W

Combined Coryat: $47,200

The J! Archive is created by fans, for fans. The Jeopardy! game show and all elements thereof, including but not limited to copyright and trademark thereto, are the property of Jeopardy Productions, Inc. and are protected under law. This website is not affiliated with, sponsored by, or operated by Jeopardy Productions, Inc. Join the discussion at JBoard.tv.